000 00335nam a2200121Ia 4500
008 250110s9999 xx 000 0 und d
041 _aeng
100 _aKulkarni Shruti
_9182572
245 _aCommercial Shopping Centre
260 _bFinal Year B. Arch, BNCA
_c2014
300 _a79p
700 _aGuide Name:Kolhatkar Aniruddha
_9210247
999 _c363439
_d363439